000 00386nam a2200145Ia 4500
008 240126s9999 xx 000 0 und d
041 _aEnglish
082 _aPRMC02-904
100 _aGautam Gupta
245 0 _aPerformance Reporting and Integration system
_bAchutha, V Mohit Jain
260 _bPESIT
440 _aNULL
650 _aPerformance,Reporting,Integration
942 _cPR
999 _c256460
_d256460